000 00625cam a2200205 4500500
005 20260405003801.0
041 _afre
042 _adc
100 1 0 _aEltchaninoff, Michel
_eauthor
245 0 0 _aL’Opposé de la blancheur. Réflexions sur le problème blanc
260 _c2023.
500 _a75
690 _aBlanc
690 _aLéonora Miano
690 _aNoir
690 _aRaces
690 _aUniversalisme
786 0 _nPhilosophie magazine | 173 | 10 | 2023-10-01 | p. 67-67 | 1951-1787
856 4 1 _uhttps://shs.cairn.info/magazine-philosophie-magazine-2023-10-page-67?lang=fr&redirect-ssocas=7080
999 _c2070802
_d2070802